00386 2200157 4500001002100000005001500021035002000036245003500056100002500091300002600116260003000142082000800172084001400180020002200194990001200216INLIS00000000000299520250918083253 a0010-09250003421 aSatria /cAditya Surya Pratama0 aAditya Surya Pratama a210 hlm ;c14 x 21 cm aJakarta :bAnugrah,c2018 a813 a813 ADI s a978-602-6409-61-4 a0755638